000 00609nam a2200193Ia 4500
999 _c15003
_d15003
003 OSt
005 20201113123944.0
008 190216s9999||||xx |||||||||||||| ||und||
020 _a9780521704120
040 _coclc
082 _a428.40711
_bGLE/S
100 _aGlendinning, Eric H
_96383
245 0 _aStudy Reading A Course in Reading Skills for Academic Purposes /
_cEric H Glendinning ; Beverly Holmstrom
250 _a2nd Ed.
260 _bCambridge Uty Press,
_c2004.
_aLondon:
300 _a159p
650 _aEnglish
942 _cBK
_2ddc
_h428.40711
_iGLE/S
_k428.40711
_mGLE/S